| 000 | 00731nam a2200217Ia 4500 | ||
|---|---|---|---|
| 005 | 20251020182612.0 | ||
| 008 | 200515s9999 xx 000 0 und d | ||
| 082 | _aSC/678.05+69/Ch35 | ||
| 110 | _aChem-Master del Perú S. A. | ||
| 245 | 0 | _aChema | |
| 260 | _aLima | ||
| 260 | _cs. a. | ||
| 300 | _as.n. | ||
| 520 | _aCatálogo de productos "Chema", línea completa de aditivos para concreto y productos para la construcción. Trae encartes sobre compactadores de placa vibratoria, vibradores de concreto de eje flexible y recuperador portátil de asfalto | ||
| 650 | _aADITIVOS | ||
| 650 | _aCOMPACTADORES | ||
| 650 | _aIMPERMEABILIZANTES | ||
| 650 | _aRECUPERADORES DE ASFALTO | ||
| 650 | _aVIBRADORES | ||
| 942 | _cLIB | ||
| 999 |
_c3375 _d3375 |
||